Statistics for Countries of the World whose Official Name is Identical to their JetPunk Name

Click here to take the quiz!

General Stats

  • This quiz has been taken 78 times
  • The average score is 11 of 30

Answer Stats

Cont Country % Correct
NACanada
72%
OceaniaNew Zealand
62%
AfricaDemocratic Republic 
of the Congo
57%
AfricaRepublic of the Congo
54%
EuropeIreland
53%
OceaniaFederated States
of Micronesia
53%
NAAntigua and Barbuda
50%
NADominican Republic
49%
NASaint Lucia
47%
OceaniaTuvalu
46%
AsiaJapan
46%
NASaint Vincent and 
the Grenadines
45%
NABarbados
45%
OceaniaSolomon Islands
43%
NAJamaica
42%
AfricaCentral African Republic
38%
NAGrenada
36%
AsiaUnited Arab Emirates
36%
NABelize
34%
EuropeCzech Republic
30%
EuropeUkraine
25%
EuropeRomania
24%
AsiaMongolia
21%
EuropeBosnia and 
Herzegovina
21%
AsiaGeorgia
18%
EuropeHungary
16%
AfricaBurkina Faso
14%
AsiaMalaysia
11%
EuropeMontenegro
11%
AsiaTurkmenistan
5%

Score Distribution

Percentile by Number Answered

Percent of People with Each Score

Your Score History

You have not taken this quiz